Detalles MARC
| 000 -ENCABEZADO |
| Número de control [NR] |
02158nam a2200253Ia 4500 |
| 005 - FECHA Y HORA DE LA ÚLTIMA TRANSACCIÓN |
| control field |
20190213145823.0 |
| 008 - DE LONGITUD FIJA DE DATOS DE ELEMENTOS - INFORMACIÓN GENERAL |
| Elementos de longitud fija [NR] |
130821s1666 ck fr 1 0 mulsd |
| 040 ## - FUENTE DE CATALOGACION [NR] |
| Agencia de catalogación original [NR] |
Co-BoUCM |
| Idioma de catalogación [NR] |
spa |
| Quien Cataloga |
Sandra Yazo |
| Quien Clasifica |
Sandra Yazo |
| 041 0# - CODIGO DE IDIOMA [R] |
| Código de idioma para texto/pista de sonido o título separado [R] |
Español |
| -- |
Latín |
| 082 04 - NUMERO DE CLASIFICACION DECIMAL DEWEY [R] |
| Número de clasificación [R] |
378.1011 |
| Número de la edición [NR] |
20 |
| 092 ## - SIGNATURA TOPOGRAFICA LOCAL |
| Número de clasificación local |
E35N070 |
| 100 1# - ASIENTO PRINCIPAL--NOMBRE PERSONAL [NR] |
| ID Autoridad |
29695 |
| Nombre personal [NR] |
Torres, Cristóbal de |
| Títulos u otras palabras asociadas al nombre [R] |
Arzobispo |
| Fechas asociadas con el nombre [NR] |
1573-1654 |
| 245 10 - MENCION DE TITULO [NR] |
| Título [NR] |
Constituciones del Colegio Mayor de Nuestra Señora del Rosario, |
| Parte restante del título [NR] |
en la ciudad de Santa Fé de Bogotá |
| Mención de responsabilidad, etc. [NR] |
hecha y ajustadas por ... Fr. Christoval de Toores |
| 260 ## - PUBLICACION, DISTRIBUCION, ETC. (PIE DE IMPRENTA) [R] |
| Lugar de publicación, distribución, etc. [R] |
Madrid (España) |
| Nombre del editor, distribuidor, etc. [R] |
Juan Noguês |
| Fecha de publicación, distribución, etc. [R] |
1666 |
| 300 ## - DESCRIPCION FISICA [R] |
| Extensión [R] |
14, [1] folios ; 112, [8] páginas |
| 500 ## - NOTA GENERAL [R] |
| Nota general [NR] |
Detalles físico: Incluye dos obras en el volumen. Encuadernación flexible en pergamino. Tapas con manchas, arrugas, bordes deteriorados. Ejemplar sin guardas. Portada impresa en una sola tinta con una orla decorativa, restauraciones anteriores y con varias anotaciones manuscritas. Mayúsculas capitales. Remate. Dedicatoria. Licencia. Texto en una sola columna. Segunda obra en latín, algunas apostillas marginales. Papel muy manchado, varias hojas sueltas. Inscripciones, rayones y anotaciones manuscritas en toda la obra. Ej.2 Encuadernación rígida (holandesa con punteras) en cartón forrado en papel. Lomo en cuero y adornos en dorado. Ejemplar en buen estado de conservación, cortes pintados. Ej.3 Incluye un grabado de página entera. Varias anotaciones en portadas, portada y la dedicatoria (en vitrina No.5) Ej.4 Encuadernación en pergamino, ejemplar mútilo. |
| 505 1# - NOTA DE CONTENIDO CON FORMATO PREESTABLECIDO [R] |
| Nota de contenido con formato preestablecido [NR] |
Constituciones del colegio mayor de Nuestra señora del Rosario -- Constituciones por las cuales se dirige y gobierna el famoso Colegio de Santiago Zebedeo, que erigió en salamanca el ilustrísimo príncipe Alfonso de Fonseca y Acebedo, Arzobispo de Toledo |
| 506 ## - NOTA DE RESTRICCIONES DE ACCESO [R] |
| Condiciones de acceso [NR] |
Consulta en sala (Ej.3 en vitrina) |
| 610 2# - ASIENTO SECUNDARIO DE MATERIA - NOMBRE CORPORATIVO [R] |
| Nombre corporativo o nombre de la jurisdicción como elemento de entrada [NR] |
Universidad Colegio Mayor de Nuestra Señora del Rosario |
| Subdivisión general [R] |
Constituciones |
| 9 (RLIN) |
80644 |
| 650 #7 - ASIENTO SECUNDARIO DE MATERIA - TERMINO TEMATICO [R] |
| Término temático o nombre geográfico como elemento de entrada [NR] |
Educación superior |
| 9 (RLIN) |
177 |
| 690 ## - ASUNTO AGREGADO LOCAL DE ENTRADA - TÉRMINO TEMÁTICO (OCLC, RLIN) |
| Acceso temático local |
Educación superior |
| 9 (RLIN) |
177 |
| 856 48 - LOCALIZACION Y ACCESO ELECTRONICOS [R] |
| Identificador Uniforme del Recurso (“URI”) [R] |
<a href="http://repository.urosario.edu.co/handle/10336/2255">http://repository.urosario.edu.co/handle/10336/2255</a> |
| Nota dirigida al público [R] |
Disponible en línea |
| 942 ## - ELEMENTOS DE ENTRADA AGREGADOS (KOHA) |
| Tipo de ítem principal el descrito en 300a |
Libro |
| Tema principal |
1 |
| Edición |
1 |
| Sistema de clasificación |
LOCAL |
| Clasificación |
E35N070 |